| 000 -ლიდერი |
| ფიქსირებული სიგრძის საკონტროლო ველი |
01851nam a22002297a 4500 |
| 003 - საკონტროლო ნომრის იდენტიფიკატორი |
| საკონტროლო ველი |
Ge_BSU |
| 005 - ბოლო ოპერაციის თარიღი და დრო |
| საკონტროლო ველი |
20230405162038.0 |
| 008 - ფიქსირებული სიგრძის მონაცემთა ელემენტები - ზოგადი ინფორმაცია |
| ფიქსირებული სიგრძის საკონტროლო ველი |
230405s2017 ge ||||| |||| 00| 0 geo d |
| 020 ## - წიგნის საერთაშორისო სტანდარტული ნომერი |
| International Standard Book Number |
9789941945786 |
| 041 ## - ენის კოდი |
| Language code of text/sound track or separate title |
geo |
| 080 ## - უნივერსალური ათობითი კლასიფიკაციის ინდექსი |
| Universal Decimal Classification number |
94(479.22)"1924" ჯ-54 |
| 100 ## - მთავარი ჩანაწერი - პიროვნების სახელი |
| Personal name |
ჯიქია, ლევან |
| 9 (RLIN) |
17503 |
| 245 ## - ცნობა სათაურის შესახებ |
| Title |
1924 წლის ანტისაბჭოთა ეროვნული აჯანყება სენაკის მაზრაში : |
| Remainder of title |
ნარკვევი. დოკუმენტები და მასალები / |
| Statement of responsibility, etc |
ლევან ჯიქია ; რედაქტორი სერგო ვარდოსანიძე ; საქ. საპატრიარქოს წმ. ანდრია პირველწოდებულის სახ. ქართული უნ-ტი, ჰუმანიტარულ მეცნიერებათა და სამართლის ფაკ-ტი. |
| 264 ## - წარმოების, გამოცემის, დისტრიბუციის და სხვა ცნობები |
| გამოცემის, წარმოების, დისტრიბუციის... ადგილი |
თბილისი : |
| გამოცემის, წარმოების, დისტრიბუციის... სახელწოდება |
ქართული უნივერსიტეტი, |
| გამოცემის, წარმოების, დისტრიბუციის... თარიღი |
2017. |
| 300 ## - ფიზიკური აღწერა |
| Extent |
84 გვ. ; |
| Other physical details |
29 სმ. |
| 504 ## - BIBLIOGRAPHY, ETC. NOTE |
| Bibliography, etc |
ბიბლიოგრ. ტექსტის შენიშვნებში. |
| 653 ## - INDEX TERM--UNCONTROLLED |
| Uncontrolled term |
1924 წლის აჯანყება საქართელოში |
| 653 ## - INDEX TERM--UNCONTROLLED |
| Uncontrolled term |
საქართველოს უახლესი ისტორია. |
| 700 ## - ADDED ENTRY--PERSONAL NAME |
| Personal name |
ვარდოსანიძე, სერგო |
| Relator term |
რედაქტორი |
| 9 (RLIN) |
17504 |
| 710 ## - ADDED ENTRY--CORPORATE NAME |
| Corporate name or jurisdiction name as entry element |
საქ. საპატრიარქოს წმ. ანდრია პირველწოდებულის სახ. ქართული უნ-ტი. |
| Subordinate unit |
ჰუმანიტარულ მეცნიერებათა და სამართლის ფაკ-ტი. |
| 9 (RLIN) |
17505 |
| 942 ## - ADDED ENTRY ELEMENTS (KOHA) |
| Source of classification or shelving scheme |
|
| Koha item type |
წიგნი |